000 00348nam a22001097a 4500
008 230623b xxu||||| |||| 00| 0 eng d
110 _bInternational Bank for Reconstruction and Development
245 _aKenya: Into the Second Decade
260 _aBaltimore and London
_bThe John Hopkins University Press
_c1975
300 _aXI,533p
942 _2ddc
_cBK
999 _c2492
_d2492